Оборудование для периметральной защиты учреждения c ограниченным доступом; Прогрессивные технологии и экономика в машиностроении

Podrobná bibliografie
Parent link:Прогрессивные технологии и экономика в машиностроении.— 2025.— С. 44-47
Hlavní autor: Дурнов Н. Ю.
Další autoři: Шарапова В. А. (научный руководитель), Деменкова Л. Г. Лариса Геннадьевна
Shrnutí:В статье рассмотрены требования к оборудованию для периметральной защиты объектов УИС, в частности, внутренние и периметральные ограждения, инженерные заграждения, технические средства наблюдения, сигнализации, освещения, оповещения, контроля и управления доступом
The article considers equipment for perimeter protection of penal correctional facilities, in particular, internal and perimeter fences, engineering barriers, technical means of surveillance, signaling, lighting, notification, access control and management
Текстовый файл
Jazyk:ruština
Vydáno: 2025
Témata:
On-line přístup:http://earchive.tpu.ru/handle/11683/132733
Médium: MixedMaterials Elektronický zdroj Kapitola
KOHA link:https://koha.lib.tpu.ru/cgi-bin/koha/opac-detail.pl?biblionumber=680453

MARC

LEADER 00000naa2a2200000 4500
001 680453
005 20251029151639.0
090 |a 680453 
100 |a 20250603d2025 k||y0rusy50 ca 
101 0 |a rus 
102 |a RU 
135 |a drbn ---uucaa 
200 1 |a Оборудование для периметральной защиты учреждения c ограниченным доступом  |f Н. Ю. Дурнов, В. А. Шарапова  |g науч. рук. Деменкова Л. Г. 
283 |2 RDAcarrier 
320 |a Список использованных источников: 3 назв 
330 |a В статье рассмотрены требования к оборудованию для периметральной защиты объектов УИС, в частности, внутренние и периметральные ограждения, инженерные заграждения, технические средства наблюдения, сигнализации, освещения, оповещения, контроля и управления доступом 
330 |a The article considers equipment for perimeter protection of penal correctional facilities, in particular, internal and perimeter fences, engineering barriers, technical means of surveillance, signaling, lighting, notification, access control and management 
336 |a Текстовый файл 
463 1 |0 680351  |9 680351  |t Прогрессивные технологии и экономика в машиностроении  |o сборник трудов XVI Всероссийской научно-практической конференции для студентов и учащейся молодежи 9–11 апреля 2025 г., г. Юрга  |c Томск  |d 2025  |n Изд-во ТПУ  |u conference_tpu-2025-C57.pdf  |v С. 44-47 
545 1 |a Экология, безопасность и охрана труда на предприятии 
610 1 |a электронный ресурс 
610 1 |a труды учёных ТПУ 
610 1 |a охрана периметра 
610 1 |a видеонаблюдение 
610 1 |a охраняемые объекты 
700 1 |a Дурнов  |b Н. Ю. 
701 1 |a Шарапова  |b В. А. 
702 1 |a Деменкова  |b Л. Г.  |c специалист в области естествознания  |c старший преподаватель Юргинского технологического института (филиала) Томского политехнического университета  |f 1964-  |g Лариса Геннадьевна  |4 727 
801 0 |a RU  |b 63413507  |c 20250603 
850 |a 63413507 
856 4 |u http://earchive.tpu.ru/handle/11683/132733  |z http://earchive.tpu.ru/handle/11683/132733 
942 |c CF